logo

Bir Sreshtho Munshi Abdur Rouf Library
Jhenaidah Cadet College

Jungle lore / (Record no. 8375)

MARC details
000 -LEADER
fixed length control field 00835cam a2200277 a 4500
001 - CONTROL NUMBER
JCCL Control Number 8375
003 - CONTROL NUMBER IDENTIFIER
JCCL marc code BD-JhCC
005 - DATE AND TIME OF LATEST TRANSACTION
control field 20180925083505.0
008 - FIXED-LENGTH DATA ELEMENTS--GENERAL INFORMATION
fixed length control field 910118s1990 ii 000 0aeng
020 ## - INTERNATIONAL STANDARD BOOK NUMBER
International Standard Book Number 0195624874
035 ## - SYSTEM CONTROL NUMBER
system control number (BD-JhCC)8375
040 ## - CATALOGING SOURCE
Original cataloging agency DLC
Transcribing agency DLC
Modifying agency DLC
-- BD-JhCC
041 ## - LANGUAGE CODE
Language code of Book eng
050 00 - LIBRARY OF CONGRESS CALL NUMBER
Classification number SK17.C6
Item number A3 1990
082 ## - DEWEY DECIMAL CLASSIFICATION NUMBER
Author mark and Year COR 1990
Classification number 915.4
100 1# - MAIN ENTRY--PERSONAL NAME
Personal name Corbett, Jim,
Dates associated with a name 1875-1955.
245 10 - TITLE STATEMENT
Title Jungle lore /
Statement of responsibility, etc Jim Corbett ; with introduction by Martin Booth.
260 ## - PUBLICATION, DISTRIBUTION, ETC. (IMPRINT)
Place of publication, distribution, etc Delhi :
Name of publisher, distributor, etc Oxford UNiversity Press,
Date of publication, distribution, etc 1990.
300 ## - PHYSICAL DESCRIPTION
Pagination xiii, 168 p. ;
Dimensions 22 cm.
600 10 - SUBJECT ADDED ENTRY--PERSONAL NAME
Personal name Corbett, Jim,
Dates associated with a name 1875-1955.
650 #0 - SUBJECT ADDED ENTRY--TOPICAL TERM
Topical term or geographic name as entry element Hunters
Geographic subdivision India
General subdivision Biography.
650 #0 - SUBJECT ADDED ENTRY--TOPICAL TERM
Topical term or geographic name as entry element Hunting
Geographic subdivision India.
856 42 - ELECTRONIC LOCATION AND ACCESS
Materials specified Publisher description
Uniform Resource Identifier http://www.loc.gov/catdir/enhancements/fy0637/91106856-d.html
942 ## - ADDED ENTRY ELEMENTS (KOHA)
Source of classification or shelving scheme Dewey Decimal Classification
Koha item type Books
Holdings
Source of classification or shelving scheme Damaged status Not for loan Home library Current library Shelving location Total Checkouts Full call number Barcode Date last seen Copy number Koha item type
Dewey Decimal Classification     JCC Rouf Library JCC Rouf Library General Stacks   915.4 COR 1990 9307 02/22/2018 C - 1 Books

JCC Library | Contacts | JCC Home

Last Update on 23 September 2017
Copyright @ 2017-2020 JCC Rouf Library
Rouf Library, Jhenidah Cadet College (JCC), Bangladesh